| 000 | 00607nam a2200217 u 4500 | ||
|---|---|---|---|
| 005 | 20250826063913.0 | ||
| 008 | 170327s1997 ag r 000 0 spa d | ||
| 020 | _a9501278018 | ||
| 035 | _aUPN01000217090 | ||
| 049 | _aCG | ||
| 050 | 4 |
_aRC537 _bS3.7 |
|
| 245 | 0 | 0 | _aSatisfacciones del síntoma. |
| 260 |
_aBuenos Aires : _bEscuela de la Orientación Lacaniana : _bPaidós, _c1997. |
||
| 300 | _a253 p. | ||
| 440 | 0 |
_aOrientación lacaniana ; _v1 |
|
| 650 | 4 |
_aTRASTORNOS AFECTIVOS _94002 |
|
| 650 | 2 |
_aPsicosis _914792 |
|
| 650 | 2 |
_aDepresión mental _97508 |
|
| 905 | _aLibro | ||
| 999 |
_c189190 _d189190 |
||